00548nam a22001937a 450000500170000001000130001702000220003003500130005203700160006504000120008108200160009310000200010924500440012926000310017327000520020430000320025665000290028865000370031720170124110114.0 aA-798395 c95.00a8171673120 aA-798395 bCen Lib/Ret aDPLbEN a954.01bIND aIndira Mahindra aMan and his-story /cby Indira Mahindra bRupa & CoaNew Delhic1995 a7/16 Ansari Road, Darya GanjbNew Delhie110002 axii,170p. :c19cm(Hb)bill. aMan in the Old Stone Age aAncient India (600 B.C.-A.D.647)